000 00412nam a2200169Ia 4500
008 230524s9999 xx 000 0 und d
020 _a9780074601051
082 _a658.12
_bDHA
100 _aArvind M.Dhake
245 0 _aTelevision and Video Engineering
250 _a2ND
260 _aNEW DELHI
_bMGH
_c2009
300 _aXIX;641
500 _aQuantity Number: 128
650 _aElectronics
942 _cBK
999 _c46186
_d46186